| 000 | 00787nam a2200121Ia 4500 | ||
|---|---|---|---|
| 008 | 220620s9999||||xx |||||||||||||| ||und|| | ||
| 100 | _aOrchiston, Wayne||Robertson, Peter||Sullivan III, Woodruff T. | ||
| 245 | 0 |
_aGolden Years of Australian Radio Astronomy _bAn Illustrated History |
|
| 546 | _aEnglish[eng] | ||
| 650 | _aHistory of radio astronomy||CSIRO Radiophysics Laboratory||John Bolton||Taffy Bowen||Chris Christiansen||Discrete radio sources||Field stations||Hydrogen-line studies||Frank Kerr||Mills Cross||Bernie Mills||Parkes Radio Telescope||Joe Pawsey||Ruby Payne-Scott||Radio source surveys||Radioheliograph||Sea interferometers||Alex Shain||Solar bursts and eclipses | ||
| 856 | _uhttps://library.oapen.org/bitstream/20.500.12657/53316/1/978-3-319-91843-3.pdf | ||
| 942 | _cEB | ||
| 999 |
_c34670 _d34670 |
||